| 000 | 00612nam a2200193 a 4500 | ||
|---|---|---|---|
| 005 | 20210223121836.0 | ||
| 008 | 991125s1988 mx 000 0 spa u | ||
| 020 | _a9682100445 | ||
| 035 | _aUPN01000024885 | ||
| 049 | _aCG | ||
| 050 | 4 |
_aLC5256 A44 _bK5.38b |
|
| 100 | 1 | _aKnoll, Joachim H. | |
| 245 | 1 | 3 |
_aLa formación de adultos : _btareas, posibilidades, perspectivas / _cJoachim H. Knoll ; tr. Ramón Ibero. |
| 260 |
_aMéxico : _bRoca, _c1988. |
||
| 300 | _a173 p. | ||
| 440 | 0 |
_aRoca pedagogía ; _v7 |
|
| 650 | 4 |
_aEDUCACION DE ADULTOS - _zALEMANIA (REPUBLICA FEDERAL, 1949-1990) _915681 |
|
| 905 | _aLibro | ||
| 999 |
_c24885 _d24885 |
||